|
|
|
|
| LEADER |
01271nam a2200241 a 4500 |
| 001 |
GR-Patra26479 |
| 003 |
GR-PaULI |
| 005 |
20231213120425.0 |
| 008 |
060315s2006 gr e b 001 b eng d |
| 020 |
|
|
|a 097491780X
|
| 040 |
|
|
|a GR-PaULI
|b gre
|c GR-PaULI
|e AACR2
|
| 082 |
0 |
4 |
|a 615.507 24
|2 23
|
| 100 |
1 |
|
|a Stone, Judy
|q (Judy Ann)
|9 201298
|e συγγραφέας.
|
| 245 |
1 |
0 |
|a Conducting clinical research :
|b a practical guide for physicians, nurses, study coordinators, and investigators /
|c Judy Stone.
|
| 260 |
|
|
|a Cumberland, Md. :
|b Mountainside MD Press,
|c c2006.
|
| 300 |
|
|
|a xvi, 427 σ. :
|b εικ. ;
|c 24 εκ.
|
| 504 |
|
|
|a Περιλαμβάνει βιβλιογραφικές παραπομπές (σ. 393-411) και ευρετήριο.
|
| 650 |
|
4 |
|a Κλινικές δοκιμές
|9 93208
|
| 650 |
|
4 |
|a Ιατρική έρευνα
|9 997
|
| 942 |
|
|
|2 ddc
|c BK
|
| 952 |
|
|
|0 0
|1 0
|2 ddc
|4 0
|6 615_507000000000000_24_STO
|7 0
|9 308814
|a LISP
|b LISP
|c BSC
|d 2021-01-17
|e
|f
|i 42151
|l 0
|o 615.507 24 STO
|p 025000305139
|r 2021-01-17 00:00:00
|t 1
|w 0000-00-00
|y BK15
|x
|x
|x
|
| 952 |
|
|
|0 0
|1 0
|2 ddc
|4 0
|6 615_507000000000000_24_STO
|7 0
|9 308815
|a LISP
|b LISP
|c BSC
|d 2021-01-17
|e
|f
|i 42152
|l 0
|o 615.507 24 STO
|p 025000305140
|r 2021-01-17 00:00:00
|t 2
|w 0000-00-00
|y BK15
|x
|x
|x
|
| 999 |
|
|
|c 177915
|d 177915
|